BIBLIOTHÈQUE DE LA MAISON DU MEXIQUE

Logo 1 Logo 2

Jornadas de televisión y video mexicanos = Mexican Television and video days = Journées de la Télévision et la vidéo mexicaines (notice nᵒ 10858)

détails MARC
000 -Sello discográfico
campo de control de longitud fija 01594nam a2200421 4500
005 - Identificación de versión
campo de control 20251016082534.0
010 ## - Número Estándar Internacional de Libros (ISBN)
Número (ISBN) 968-29-3811-2
035 ## - Otros números de control del sistema
Número de control del sistema 10681
035 ## - Otros números de control del sistema
Número de control del sistema 19846
099 ## - fechas locales
Tipo de ítem Koha LIBRO
100 ## - Datos de procesamiento general
Datos de procesamiento general 20040225d1992 m y1spay5003 ba
101 1# - Idioma del recurso
Idioma del texto, banda sonora, etc. Español; Castellano
-- Inglés
-- Francés
105 ## - Campo de datos codificados: Material textual, monográfico
Datos codificados de monografía a 001zy
200 1# - Título y mención de responsabilidad
Título propio Jornadas de televisión y video mexicanos = Mexican Television and video days = Journées de la Télévision et la vidéo mexicaines
Designación general del material texto impreso
Otra información del título Catálogo = Catalog = Catalogue
Primer mención de responsabilidad Prefacio Victor Flores Olea y Eduardo Sepúlveda Amor
210 ## - Publicación, distribución, etc.
Lugar de publicación, distribución, etc. México
Nombre del editor, distribuidor, etc. Consejo Nacional para la Cultura y las Artes : Secretaría de Relaciones Exteriores : Secretaría de Turismo
Fecha de publicación, distribución, etc. 1992
215 ## - Descripción física
Designación de material específico y extensión del ítem 180 p
Otras características físicas il.
Dimensiones 27 cm
300 ## - Notas generales
Texto de la nota Incluye directorio y una breve cronología de la televisión mexicana
318 ## - Nota de acción
Acción No se presta a domicilio
345 ## - Nota de información de adquisición
Fuente de adquisición/dirección de la suscripción [OBSOLETO] Donación
606 ## - Término temático usado como materia
Elemento de entrada Medios masivos de comunicación
Subdivisión geográfica México
Número Koha 552
606 ## - Término temático usado como materia
Elemento de entrada Televisión
Subdivisión temática Programas
Subdivisión geográfica México
Subdivisión temática Exposiciones
-- Catálogos
Número Koha 17396
606 ## - Término temático usado como materia
Elemento de entrada Videograbaciones
Subdivisión geográfica México
Subdivisión temática Exposiciones
-- Catálogos
Número Koha 17397
660 ## - Código de área geográfica
Código MX
702 ## - Nombre personal - Responsabilidad secundaria
Elemento de entrada Flores Olea
Parte del nombre distinta del elemento de entrada Víctor
Fechas 1932-2020
Número Koha 800
702 ## - Nombre personal - Responsabilidad secundaria
Elemento de entrada Sepúlveda Amor
Parte del nombre distinta del elemento de entrada Bernardo
Fechas 1941-
Número Koha 2606
801 #0 - Fuente de origen
País FR
Agencia cm
Reglas de catalogación (convenciones descriptivas) AFNOR
900 ## -
-- 1/6624
900 ## -
-- 7100418386\250204
942 ## - ELEMENTOS DE ENTRADA SECUNDARIOS (KOHA)
Tipo de ítem Koha Livre
996 ## -
-- MEX
-- 751145101
-- MMAG
-- 002490
-- R791.45 J82T
-- 20120313LIV
Exemplaires
Estatus retirado Estado de daño Estado de pérdida Fecha de adquisición Biblioteca de origen Biblioteca actual Ubicación en estantería Código de barras Precio de reemplazo Signatura topográfica completa No para préstamo Tipo de ítem Koha Nota pública Nota no pública
      05/08/2025 Casa México Paris Casa México Paris   002490 05/08/2025 R791.45 J82T No se presta a domicilio Livre 20120313LIV 751145101